| 000 | 00579nam a2200193 4500 | ||
|---|---|---|---|
| 245 | 0 | 0 | _aFerozsons English to English and Urdu dictionary/ |
| 250 | _aNew ed. | ||
| 260 |
_aLahore, _bFerozsons _c[1973] |
||
| 300 |
_a1123 p. _c26 cm. |
||
| 650 | 0 | _aEnglish language | |
| 650 | 0 |
_aEnglish language _9119806 |
|
| 942 |
_2ddc _cREF |
||
| 999 |
_c607352 _d607352 |
||